000 00953nam a22002057a 4500
999 _c8639
_d8639
003 AR-CdUCM
008 190325b ||||| |||| 00| 0 spa d
040 _aMUNICIPALIDAD PROVINCIAL DEL CUSCO
_cBIBLIOTECA MUNICIPAL DEL CUSCO
082 _a530 /
_bS71
100 _aSotomayor Obregon, Eibert
_924161
245 _aProcesos y Factores de cambio tecnologico de sistemas de produccion ganadera extensiva a semi intensiva
260 _aCusco :
_bCentro de Formacion Campesina de la Preladura de Sicuani ,
_c2009.
300 _a169 páginas ;
_c21 cm.
505 _aContenido : Tecnologia -- Tecnologia andina en el Perú -- Las comunidades en el Perú -- Enfoque y analisis de sistemas para el estudio en comunidades -- Ubicacion politica y geografica -- Materiales y equipos utilizados...
650 _aTecnologia Andina en el Perú
_924162
650 _aGanaderia
_9321
650 _aComunidades Peruanas
_924163
942 _2ddc
_cLIBROS
945 _artm